| 000 | 00930cab a22002055a 4500 | ||
|---|---|---|---|
| 001 | L142529 | ||
| 008 | 080221s2008 xxk f 000 0 eng d | ||
| 035 | _a(Sirsi) u142529 | ||
| 041 | 0 | _aeng | |
| 100 | 1 | _aSmulian, Mark | |
| 245 | 0 | 0 | _aSpace invaders |
| 260 | _c2008 | ||
| 490 |
_aHousebuilder _vJanuary-February 2008, 55-56(2) |
||
| 520 | _aSets out English Partnerships' new minimum space standards for minimum internal floor areas. Presents various opinions on the debate regarding their relevance. They are intended to facilitate the acquisition of lifetime homes. There is reluctance to meet these guides from homebuilders, due to a lack of certainty that extra space will equal extra value. It is also argued that the guides could be a way to protect quality. | ||
| 590 | _aKA | ||
| 651 | 4 |
_aUnited Kingdom _y |
|
| 690 | _aBUILT ENVIRONMENT-BUILDING STANDARDS | ||
| 690 |
_aResidential property _96266 |
||
| 942 | _n0 | ||
| 999 |
_c79866 _d79866 |
||